000 00292nam a22001217a 4500
082 _a894.812
_bJAN/K
100 _aJANU
245 _aKUTTIYUM POOMBATTAYUM
246 _aKUTTIYUM POOMBATTAYUM
_bKUTTIYUM POOMBATTAYUM
260 _aTHRISSUR
_bKSSP
_c2023
650 _aMALAYALAM STORY
942 _cBK
999 _c9133
_d9133